00623nam a22001937a 450000500170000001000150001702000260003203500140005803700130007208200060008510000160009124500390010726000360014627000580018230000250024094200200026599900190028595201250030420170615143217.0 aENG-118670 a9789350650592c175.00 aEN-102202 bDBAD/PUB aN aWells, H.G. aThe invisible man /cby H.G. Wells aNew DelhibVishv Booksc[2001?] aA-36, Site-IV, Sahibabad, Ghaziabad-201010, UP(India) axii,176pc22cm.(pbk) 2ddccENhNmWEL c141148d141148 001040708FICaBL4bBL4d2017-06-15e1g175.00l4m4oN WELpEN-102202r2025-05-15 00:00:00s2025-04-15t1v175.00yEN